¿Por qué es frágil Tierradentro? : (Registro nro. 7180)

Detalles MARC
000 -CABECERA
Campo de control 00782nam a2200229 a 4500
005 - FECHA Y HORA DE LA ULTIMA TRANSACCION
Campo de control 20200104041615.0
008 - ELEMENTOS DE LONGITUD FIJA—INFORMACION GENERAL
Campo de control 140117s2005 ck a gr|||| 000 0 spa d
020 ## - ISBN
ISBN 9589475760
040 ## - FUENTE DE CATALOGACIÓN
Agencia catalogadora original CO-BoIAVH
Agencia transcriptora CO-BoIAVH
041 0# - IDIOMA
Código de idioma para texto/pista de sonido o título separado Español
044 ## - PAÍS DE PUBLICACIÓN
País de publicación Colombia
090 ## - CLASIFICACIÓN LOCAL
Colección EA
Consecutivo 354
100 1# - ASIENTO PRINCIPAL--NOMBRE PERSONAL
Nombre personal Correa, Ana María
9 (RLIN) 4083
245 10 - MENCION DE TITULO
Título ¿Por qué es frágil Tierradentro? :
Parte restante del título material didáctico para la educación ambiental /
Mención de responsabilidad Ana María Correa, Martha Del Pilar Mendoza Vargas
260 ## - PUBLICACION, DISTRIBUCION, ETC. (PIE DE IMPRENTA)
Lugar de publicación, distribución, etc. Popayán :
Nombre del editor, distribuidor, etc. Editorial López,
Fecha de publicación, distribución, etc. 2005.
300 ## - DESCRIPCION FISICA
Extensión 65 páginas :
Otros detalles físicos Ilustraciones,
Dimensiones 28 x 22 cm.
650 #6 - ASIENTO SECUNDARIO DE MATERIA - TERMINO TEMATICO
Término temático o nombre geográfico como elemento de entrada Educación ambiental
9 (RLIN) 162
650 #6 - ASIENTO SECUNDARIO DE MATERIA - TERMINO TEMATICO
Término temático o nombre geográfico como elemento de entrada Deforestación
9 (RLIN) 266
662 ## - ASIENTO SECUNDARIO DE MATERIA - JERARQUIA DEL NOMBRE DE LUGAR(
País o entidad mayor Colombia
Jurisdicción política de primer orden Cauca
Ciudad Tierradentro
700 1# - ASIENTO SECUNDARIO - NOMBRE PERSONAL
Nombre personal Mendoza Vargas, Martha del pilar
9 (RLIN) 4084
942 ## - ELEMENTOS ADICIONALES (KOHA)
Tipo de ítem Libro
Sistema de clasificación Dewey Decimal Classification
Existencias
Withdrawn status Lost status Sistema de Clasificación Damaged status No para préstamo Colección Inventariado Ubicación Permanente Ubicación actual Fecha de adquisición Total Checkouts Número topográfico Inventario / Código de Barras Date last seen Ejemplar Price effective from Forma de adquisición Tipo de material
    Dewey Decimal Classification     Educación Ambiental Inventariado 2017 Sala Fabio Quevedo Sala Fabio Quevedo 04/11/2009   EA-354 027742 04/12/2012 Ej. 1 04/12/2012   Libro